|
|
|
|
| LEADER |
00000nab a2200000 a 4500 |
| 001 |
vtls000326303 |
| 003 |
SK-MaSNL |
| 005 |
20260318124508.0 |
| 008 |
160201c1986 xo 0 eng |
| 015 |
|
|
|a SNBRA19rr/mm-uuuuu
|
| 035 |
|
|
|a CL0326425
|
| 040 |
|
|
|a SNKBUCL
|b slo
|c SNKBUCL
|e AACR2
|
| 041 |
0 |
|
|a eng
|
| 044 |
|
|
|a xo
|c SK
|
| 080 |
|
|
|a 681.32.06:658.512.2:519.688:514.174
|2 1981
|
| 080 |
|
|
|a 658.512.2
|2 1981
|
| 080 |
|
|
|a 519.688
|2 1981
|
| 080 |
|
|
|a 514.174
|2 1981
|
| 100 |
1 |
|
|a Valášek, Michael,
|d 1956-
|4 aut
|9 125228
|
| 245 |
1 |
0 |
|a Solid Modelling by the Language of Volume Elements JOE
|c Michael Valášek
|
| 300 |
|
|
|b Obr. 2. Tb. 1.
|
| 650 |
0 |
7 |
|a počítačová grafika
|2 snkbucl
|9 1829
|
| 650 |
0 |
7 |
|a systémy CAD
|2 snkbucl
|9 535511
|
| 650 |
0 |
7 |
|a systémy programové grafické interaktívne
|2 snkbucl
|9 1247130
|
| 655 |
|
7 |
|a články zo zborníkov
|2 snkbucl
|9 166140
|
| 773 |
0 |
|
|t Počítačová grafika 86
|d Žilina : Dom techniky ČSVTS, 1986
|g S. 178-181
|
| 850 |
|
|
|a Slovenská národná knižnica v Martine
|a MTA001
|
| 852 |
|
|
|a SNK
|b KIS3GCP
|
| 958 |
|
|
|a RK
|
| 958 |
|
|
|a CZ
|
| 992 |
|
|
|a RZB
|
| 999 |
|
|
|c 2211613
|d 2213543
|